|
|
|
|
| LEADER |
00000cam a22000004a 4500 |
| 001 |
musev2_33183 |
| 003 |
MdBmJHUP |
| 005 |
20230905043510.0 |
| 006 |
m o d |
| 007 |
cr||||||||nn|n |
| 008 |
140922r20142012nju o 00 0 eng d |
| 020 |
|
|
|a 9781400843152
|
| 035 |
|
|
|a (OCoLC)1085608854
|
| 040 |
|
|
|a MdBmJHUP
|c MdBmJHUP
|
| 050 |
|
4 |
|a QL677.5
|b .M963 2012
|
| 082 |
0 |
|
|a 598
|2 22
|
| 100 |
1 |
|
|a Mynott, Jeremy,
|e author.
|
| 240 |
1 |
0 |
|a Birdscapes.
|k Selections.
|
| 245 |
1 |
4 |
|a The Beauty of Birds :
|b From Birdscapes: Birds in Our Imagination and Experience /
|c Jeremy Mynott.
|
| 250 |
|
|
|a Princeton shorts edition.
|
| 264 |
|
1 |
|a Baltimore, Maryland :
|b Project Muse,
|c 2014
|
| 264 |
|
3 |
|a Baltimore, Md. :
|b Project MUSE,
|c 2020
|
| 264 |
|
4 |
|c ©2014
|
| 300 |
|
|
|a 1 online resource (43 pages):
|b illustrations (some color)
|
| 336 |
|
|
|a text
|b txt
|2 rdacontent
|
| 337 |
|
|
|a computer
|b c
|2 rdamedia
|
| 338 |
|
|
|a online resource
|b cr
|2 rdacarrier
|
| 500 |
|
|
|a "The beauty of birds comprises chapter 5 from Birdscapes : birds in our imagination and experience, by Jeremy Mynott. Copyright 2009 by Jeremy Mynott"--Title page verso.
|
| 500 |
|
|
|a Issued as part of book collections on Project MUSE.
|
| 504 |
|
|
|a Includes bibliographical references (pages 323-345) and indexes.
|
| 506 |
|
|
|a Access restricted to authorized users and institutions.
|
| 588 |
|
|
|a Description based on print version record.
|
| 650 |
|
0 |
|a Human-animal relationships.
|
| 650 |
|
0 |
|a Birds
|x Psychological aspects.
|
| 650 |
|
0 |
|a Bird watching.
|
| 655 |
|
7 |
|a Electronic books.
|2 local
|
| 710 |
2 |
|
|a Project Muse,
|e distributor.
|
| 710 |
2 |
|
|a Project Muse.
|e distributor
|
| 830 |
|
0 |
|a Book collections on Project MUSE.
|
| 856 |
4 |
0 |
|z Texto completo
|u https://projectmuse.uam.elogim.com/book/33183/
|
| 945 |
|
|
|a Project MUSE - Custom Collection
|